Pontrendszer és felmérés Tudományos munka az orvosegyetemen /

Elmentve itt :
Bibliográfiai részletek
Szerző: Horváth Dezső
Dokumentumtípus: Cikk
Megjelent: 1978-03-05
Sorozat:Délmagyarország 68 No. 55
Kulcsszavak:Orvostudományi Egyetem 1975-
Online Access:http://dmarchiv.bibl.u-szeged.hu/117581
LEADER 00504nab a2200157 i 4500
001 delm117581
005 20190520111637.0
008 190520s1978 hu o 0|| hun d
040 |a SZTE Délmagyarország Archívum  |b hun 
041 |a hun 
100 1 |a Horváth Dezső 
245 1 0 |a Pontrendszer és felmérés   |h [elektronikus dokumentum] :  |b Tudományos munka az orvosegyetemen /  |c  Horváth Dezső 
260 |c 1978-03-05 
300 |a 7 
490 0 |a Délmagyarország  |v 68 No. 55 
695 |a Orvostudományi Egyetem 1975-